000 00289nam a2200121Ia 4500
005 20251222142021.0
008 251222s9999||||xx |||||||||||||| ||spa||
082 _a249.8/H41D/T.3
100 _aHervada, Javier
245 0 _aEl derecho de pueblo de Dios:
264 _bGomez
942 _cLIB
999 _c10649
_d10649